[Event "Ceriano Laghetto op-B 20th"]
[Site "Ceriano Laghetto"]
[Date "2011.04.02"]
[Round "3"]
[White "Sala, Giovanni"]
[Black "Burani, Eugenio"]
[Result "1-0"]
[WhiteElo "1964"]
[BlackElo "1901"]
[PlyCount "107"]
[EventDate "2011.04.01"]
[EventType "swiss"]
[EventRounds "5"]
[EventCountry "ITA"]
[SourceTitle "EXT 2023"]
[Source "ChessBase"]
[SourceDate "2022.10.05"]
[SourceVersion "1"]
[SourceVersionDate "2022.10.05"]
[SourceQuality "1"]

1. c4 c5 2. Nc3 Nf6 3. g3 g6 4. Bg2 Bg7 5. Nf3 Nc6 6. 0-0 0-0 7. d3 d6 8. a3 a6 9. Rb1 Nd7 10. Bd2 Nde5 11. Nxe5 Nxe5 12. b4 cxb4 13. axb4 Rb8 14. b5 Bf5 15. bxa6 bxa6 16. Qa4 Qd7 17. Qxa6 Bh3 18. Rxb8 Rxb8 19. Rb1 Rxb1+ 20. Nxb1 h5 21. Qa8+ Kh7 22. Qb7 Qxb7 23. Bxb7 Bg4 24. f3 Bd7 25. Bc3 Ba4 26. f4 Ng4 27. Bxg7 Kxg7 28. Nc3 Bc2 29. h3 Nf6 30. Ne4 Nxe4 31. Bxe4 Kf6 32. Kf2 e6 33. Bc6 e5 34. fxe5+ Kxe5 35. Be8 Ke6 36. h4 Ke7 37. Bc6 Kf6 38. Ke3 Ke5 39. Bd7 Kf6 40. Kd2 Bb3 41. Ke3 Ke7 42. Bb5 Ke6 43. Kf4 Bd1 44. e4 Bc2 45. Ke3 Bd1 46. Be8 Ke7 47. Bc6 Bb3 48. Kf4 f6 49. Bd5 Ba4 50. d4 Bd7 51. e5 Bc8 52. exd6+ Kxd6 53. Be4 f5 54. Bd5 1-0